[Event "Coronel Pringles U2200 3rd"]
[Site "Coronel Pringles"]
[Date "2018.09.08"]
[Round "3.3"]
[White "Shcherbine, Andrei"]
[Black "Almaraz, Miguel"]
[Result "1-0"]
[WhiteElo "2171"]
[BlackElo "1815"]
[PlyCount "67"]
[EventDate "2018.09.07"]
[EventType "swiss"]
[EventRounds "7"]
[EventCountry "ARG"]
[SourceTitle "EXT 2024"]
[Source "ChessBase"]
[SourceDate "2023.10.10"]
[SourceVersion "1"]
[SourceVersionDate "2023.10.10"]
[SourceQuality "1"]

1. e4 c6 2. d4 d5 3. exd5 cxd5 4. Bd3 Nc6 5. c3 Nf6 6. Bg5 g6 7. Bxf6 exf6 8. Ne2 Bh6 9. 0-0 0-0 10. Re1 Be6 11. b4 a5 12. bxa5 Nxa5 13. Na3 Qe7 14. Nb5 Rfc8 15. a4 Nc4 16. Bxc4 Rxc4 17. Qb3 Bd2 18. Red1 Bh6 19. Ng3 Qd8 20. Nf1 Ra6 21. a5 Bd7 22. Na3 Rc7 23. Qxd5 Qc8 24. Nb5 Bxb5 25. Qxb5 Rxc3 26. d5 Rc5 27. Qb2 Rd6 28. Ng3 f5 29. Qb3 Qd8 30. Qxb7 Rcxd5 31. Rxd5 Rxd5 32. a6 Rd7 33. Qxd7 Qxd7 34. a7 1-0

[Event "Buenos Aires CAA Ciclo-A"]
[Site "Buenos Aires"]
[Date "2012.05.15"]
[Round "7"]
[White "Shcherbine, Andrei"]
[Black "Spata, German"]
[Result "1-0"]
[WhiteElo "2188"]
[BlackElo "2258"]
[PlyCount "125"]
[EventDate "2012.05.07"]
[EventType "tourn"]
[EventRounds "9"]
[EventCountry "ARG"]
[SourceTitle "EXT 2024"]
[Source "ChessBase"]
[SourceDate "2023.10.10"]
[SourceVersion "1"]
[SourceVersionDate "2023.10.10"]
[SourceQuality "1"]

1. Nf3 c5 2. b3 d6 3. Bb2 e5 4. e3 e4 5. Ng1 Nf6 6. d4 exd3 7. Bxd3 Be7 8. c4 0-0 9. Nc3 Nc6 10. Nge2 Bg4 11. f3 Bd7 12. Qd2 Nb4 13. Bb1 Bc6 14. a3 Na6 15. Nf4 Nc7 16. Qd3 g6 17. Bc2 Rb8 18. 0-0-0 Nd7 19. Ncd5 Nxd5 20. Nxd5 Bxd5 21. Qxd5 b5 22. h4 Nb6 23. Qd3 Bf6 24. Qxd6 Bxb2+ 25. Kxb2 Qxd6 26. Rxd6 bxc4 27. Kc3 cxb3 28. Bxb3 c4 29. Bc2 Rfe8 30. e4 Re5 31. Rhd1 Kg7 32. Rc6 Rb7 33. g4 Ra5 34. Ra1 Re5 35. f4 Ree7 36. a4 Nd7 37. Rxc4 Nf6 38. g5 Ng4 39. Kd3 Rb2 40. Rg1 f5 41. gxf6+ Nxf6 42. Rb1 Ra2 43. Kc3 Ra3+ 44. Rb3 Ra2 45. Rb5 Ra3+ 46. Rb3 Ra2 47. Rb5 Ng4 48. Rbc5 Ne3 49. Bb3 Ra1 50. Rd4 Rb7 51. Rb5 Rc7+ 52. Kb4 Rb1 53. Ka5 Rbc1 54. Rdb4 Kh6 55. e5 R7c6 56. e6 Nf5 57. Bd5 Rd6 58. Rc4 Rd1 59. Be4 Ne3 60. Rc3 Ng4 61. Bf3 Rg1 62. Bxg4 Rxg4 63. e7 1-0

[Event "Buenos Aires Proyeccion U20"]
[Site "Buenos Aires"]
[Date "2009.03.25"]
[Round "1"]
[White "Shcherbine, Andrei"]
[Black "Contin, Daniel"]
[Result "1/2-1/2"]
[WhiteElo "2171"]
[BlackElo "2321"]
[PlyCount "90"]
[EventDate "2009.03.25"]
[EventType "tourn"]
[EventRounds "9"]
[EventCountry "ARG"]
[EventCategory "3"]
[SourceTitle "CBM 129 Extra"]
[Source "ChessBase"]
[SourceDate "2009.05.05"]
[SourceVersion "2"]
[SourceVersionDate "2009.05.20"]
[SourceQuality "1"]

1. Nf3 c5 2. e4 d6 3. g3 Nc6 4. Bg2 g6 5. 0-0 Bg7 6. c3 e5 7. d3 Nge7 8. Ng5 h6 9. Nh3 Be6 10. f4 Qd7 11. Nf2 0-0 12. fxe5 dxe5 13. Be3 b6 14. c4 f5 15. Qc1 f4 16. gxf4 exf4 17. Bxf4 Rxf4 18. Qxf4 Bxb2 19. Nd2 g5 20. Qe3 Bd4 21. Qg3 Be5 22. Qe3 Nb4 23. Nb3 Nc2 24. Qe2 Nxa1 25. Nxa1 Ng6 26. Qh5 Qg7 27. Nc2 Nf4 28. Qd1 g4 29. Ne3 Bd4 30. Nf5 Bxf5 31. exf5 Re8 32. Kh1 Nxg2 33. Kxg2 Qb7+ 34. Ne4 Rxe4 35. dxe4 Qxe4+ 36. Kg3 Be5+ 37. Kh4 g3+ 38. Kh5 gxh2 39. Qd8+ Kf7 40. Qd7+ Kf8 41. Qc8+ Kg7 42. Qd7+ Kf8 43. Qd8+ Kf7 44. Qd7+ Kf8 45. Qd8+ Kf7 1/2-1/2

[Event "Villa Martelli ITT 2nd"]
[Site "Villa Martelli"]
[Date "2007.09.27"]
[Round "7"]
[White "Shcherbine, Andrei"]
[Black "Fernandez, Daniel"]
[Result "0-1"]
[WhiteElo "2213"]
[BlackElo "2447"]
[PlyCount "100"]
[EventDate "2007.09.22"]
[EventType "tourn"]
[EventRounds "9"]
[EventCountry "ARG"]
[EventCategory "2"]
[SourceTitle "CBM 120 Extra"]
[Source "ChessBase"]
[SourceDate "2007.11.01"]
[SourceVersion "1"]
[SourceVersionDate "2007.11.01"]
[SourceQuality "1"]

1. Nf3 Nf6 2. c4 e6 3. e3 b6 4. b3 Bb7 5. Bb2 Be7 6. Nc3 0-0 7. Rc1 c5 8. Bd3 Nc6 9. Bb1 d5 10. cxd5 exd5 11. 0-0 d4 12. exd4 Nxd4 13. Nxd4 Qxd4 14. Qc2 Qh4 15. Qf5 Rad8 16. g3 Qg4 17. Rfe1 Rfe8 18. Nb5 Qxf5 19. Bxf5 Nd5 20. Be4 Bf8 21. Bg2 Ba6 22. Rxe8 Rxe8 23. Bxd5 Bxb5 24. Bc4 Bxc4 25. bxc4 g6 26. Kf1 Bh6 27. Rd1 f5 28. f4 Kf7 29. h4 Bf8 30. Be5 Rd8 31. d4 cxd4 32. Rxd4 Rxd4 33. Bxd4 Ke6 34. a4 Kd6 35. Ke2 Kc6 36. Bc3 Bc5 37. Kf3 h5 38. Ke2 Ba3 39. Kd3 Kc5 40. Be1 Bc1 41. a5 bxa5 42. Bxa5 Ba3 43. Bd2 Kd6 44. Be1 Bc5 45. Kc3 Bg1 46. Kb4 Kc6 47. Kb3 Kc5 48. Kc3 a5 49. Kb3 a4+ 50. Kc3 Bd4+ 0-1

[Event "Villa Martelli ITT 2nd"]
[Site "Villa Martelli"]
[Date "2007.09.23"]
[Round "3"]
[White "Shcherbine, Andrei"]
[Black "Guerrero, Alvaro"]
[Result "0-1"]
[WhiteElo "2213"]
[BlackElo "2137"]
[PlyCount "76"]
[EventDate "2007.09.22"]
[EventType "tourn"]
[EventRounds "9"]
[EventCountry "ARG"]
[EventCategory "2"]
[SourceTitle "CBM 120 Extra"]
[Source "ChessBase"]
[SourceDate "2007.11.01"]
[SourceVersion "1"]
[SourceVersionDate "2007.11.01"]
[SourceQuality "1"]

1. d4 d6 2. Nf3 Nf6 3. Bg5 Nbd7 4. Nc3 c6 5. e4 e5 6. Qd2 Be7 7. 0-0-0 0-0 8. dxe5 dxe5 9. Bxf6 Bxf6 10. g4 Qc7 11. g5 Be7 12. h4 Nc5 13. Bh3 Bxh3 14. Rxh3 Rad8 15. Qe1 Rxd1+ 16. Nxd1 Rd8 17. h5 Qd7 18. Rh4 h6 19. Ne3 Bxg5 20. Nxg5 hxg5 21. Rg4 f6 22. Qb4 Ne6 23. Rg1 Nf4 24. Qc4+ Qf7 25. Rh1 Qxc4 26. Nxc4 Ne2+ 27. Kb1 Rd4 28. Na5 Rxe4 29. Nxb7 Rh4 30. Re1 Rh2 31. Rf1 Rxh5 32. b4 Rh4 33. a3 Rf4 34. Na5 g4 35. Re1 Rxf2 36. Nxc6 g3 37. Nxa7 g2 38. b5 Rf1 0-1

[Event "LNA Puma Cup"]
[Site "Argentina"]
[Date "2007.08.25"]
[Round "3"]
[White "Shcherbine, Andrei"]
[Black "Alvarez, Roberto Gabriel"]
[Result "1-0"]
[WhiteElo "2213"]
[BlackElo "2097"]
[PlyCount "73"]
[EventDate "2007.08.11"]
[EventType "team"]
[EventRounds "9"]
[EventCountry "ARG"]
[SourceTitle "CBM 120 Extra"]
[Source "ChessBase"]
[SourceDate "2007.11.01"]
[SourceVersion "1"]
[SourceVersionDate "2007.11.01"]
[SourceQuality "1"]

1. Nf3 d5 2. e3 Bg4 3. c4 c6 4. h3 Bxf3 5. Qxf3 e6 6. Nc3 Nf6 7. Qg3 Qd6 8. f4 Nbd7 9. cxd5 exd5 10. d4 0-0-0 11. Bd3 Re8 12. 0-0 g6 13. Bd2 Bg7 14. Rfc1 Kb8 15. b4 Ne4 16. Nxe4 dxe4 17. Bf1 Rc8 18. Rab1 f5 19. Bc3 Bf6 20. Ba1 g5 21. Bc4 Nb6 22. Be6 Qxe6 23. fxg5+ Ka8 24. gxf6 Rhg8 25. Qf2 Nd5 26. b5 Qxf6 27. Rc5 Qe6 28. bxc6 Rxc6 29. Rf1 b6 30. Rxc6 Qxc6 31. Bb2 Qh6 32. Qxf5 Rxg2+ 33. Kh1 Qc6 34. Qf8+ Kb7 35. Rf7+ Nc7 36. Kxg2 Qc2+ 37. Rf2 1-0

[Event "LNA Puma Cup"]
[Site "Argentina"]
[Date "2006.09.16"]
[Round "3"]
[White "Airando, Martin"]
[Black "Shcherbine, Andrei"]
[Result "0-1"]
[WhiteElo "2234"]
[BlackElo "2261"]
[PlyCount "90"]
[EventDate "2006.09.03"]
[EventType "swiss"]
[EventRounds "8"]
[EventCountry "ARG"]
[SourceTitle "EXT 2008"]
[Source "ChessBase"]
[SourceDate "2007.11.25"]
[SourceVersion "1"]
[SourceVersionDate "2007.11.25"]
[SourceQuality "1"]

1. e4 Nf6 2. e5 Nd5 3. c4 Nb6 4. c5 Nd5 5. Bc4 e6 6. Nc3 Nxc3 7. dxc3 Bxc5 8. Qg4 Kf8 9. Bf4 d5 10. 0-0-0 Bd7 11. Bd3 Ba4 12. Rd2 Be7 13. Bh6 gxh6 14. Qxa4 Nc6 15. f4 Bc5 16. Kb1 Be3 17. Rd1 a6 18. g3 b5 19. Qc2 b4 20. Qa4 Qd7 21. cxb4 Nxe5 22. Qa3 Ng4 23. Be2 Bxg1 24. Rhxg1 Nf6 25. Qc3 Ke7 26. f5 Qd6 27. fxe6 fxe6 28. Rc1 Rhc8 29. Qd2 Rg8 30. Rc2 Rg5 31. Rgc1 Kd7 32. Rxc7+ Kd8 33. Qc3 d4 34. Qf3 Nd5 35. Rxh7 Rf5 36. Qe4 Qe5 37. Bd3 Qf6 38. Qe1 Re5 39. Qd2 Rc8 40. Rxc8+ Kxc8 41. Bxa6+ Kd8 42. Bd3 Qf3 43. b5 Re1+ 44. Kc2 Nb4+ 45. Qxb4 Qd1# 0-1

[Event "Vicente Lopez ITT"]
[Site "Villa Martelli"]
[Date "2006.07.27"]
[Round "4"]
[White "Shcherbine, Andrei"]
[Black "De Dovitiis, Alejo"]
[Result "0-1"]
[WhiteElo "2261"]
[BlackElo "2371"]
[PlyCount "98"]
[EventDate "2006.07.24"]
[EventType "tourn"]
[EventRounds "11"]
[EventCountry "ARG"]
[EventCategory "3"]
[SourceTitle "CBM 113 Extra"]
[Source "ChessBase"]
[SourceDate "2006.09.14"]
[SourceVersion "1"]
[SourceVersionDate "2006.09.14"]
[SourceQuality "1"]

1. e4 e6 2. d4 d5 3. exd5 exd5 4. c4 Nf6 5. Nc3 Bb4 6. Bd3 0-0 7. Nge2 dxc4 8. Bxc4 Nbd7 9. 0-0 Nb6 10. Bb3 Nfd5 11. Qd3 c6 12. a3 Be7 13. Bc2 g6 14. Bh6 Re8 15. Ng3 Nxc3 16. bxc3 Be6 17. Rfe1 Bd6 18. f4 Bc4 19. Qf3 Rxe1+ 20. Rxe1 Bf8 21. Bxf8 Qxf8 22. f5 Re8 23. Rxe8 Qxe8 24. Ne4 Nd7 25. Qf4 Bd5 26. Kf2 Bxe4 27. Qxe4 Qf8 28. Bb3 Nf6 29. Qb1 Qh6 30. fxg6 hxg6 31. Qd3 Qf4+ 32. Qf3 Ne4+ 33. Ke2 Qd2+ 34. Kf1 Qc1+ 35. Ke2 Qb2+ 36. Kd3 Ng5 37. Qf6 Qxb3 38. Qd8+ Kh7 39. Qxg5 Qxa3 40. Qf4 Qb3 41. h4 Qd1+ 42. Kc4 Qe2+ 43. Kb3 Qe6+ 44. Kb2 Kg7 45. g4 a5 46. h5 a4 47. hxg6 Kxg6 48. d5 Qxd5 49. Qxa4 Qb5+ 0-1

[Event "Villa Martelli Ann-B 50th"]
[Site "Villa Martelli"]
[Date "2005.08.19"]
[Round "3"]
[White "De Dovitiis, Alejo"]
[Black "Shcherbine, Andrei"]
[Result "1-0"]
[WhiteElo "2345"]
[BlackElo "2250"]
[PlyCount "53"]
[EventDate "2005.08.17"]
[EventType "tourn"]
[EventRounds "9"]
[EventCountry "ARG"]
[EventCategory "13"]
[SourceTitle "EXT 2024"]
[Source "ChessBase"]
[SourceDate "2023.10.10"]
[SourceVersion "1"]
[SourceVersionDate "2023.10.10"]
[SourceQuality "1"]

1. e4 Nf6 2. e5 Nd5 3. d4 d6 4. c4 Nb6 5. f4 dxe5 6. fxe5 Nc6 7. Be3 Bf5 8. Nc3 e6 9. Be2 Nb4 10. Rc1 c5 11. Nf3 Be7 12. 0-0 0-0 13. a3 cxd4 14. Nxd4 Nc6 15. Nxf5 exf5 16. Rxf5 Qxd1+ 17. Rxd1 g6 18. Rff1 Nxe5 19. Nd5 Nxd5 20. Rxd5 f6 21. c5 Rab8 22. Bf4 Rbd8 23. Rfd1 Kf7 24. b4 Rfe8 25. Bxe5 Rxd5 26. Bc4 Red8 27. Bd6 1-0